崇宁二十四路 Administrative Divisions of Northern Song Dynasty - Statistics

General Stats
  • This quiz has been taken 49 times
  • The average score is 16 of 24
Answer Stats
治所 路名 % Correct
江宁府 江南东路
93%
洪州 江南西路
93%
广州 广南东路
85%
桂州 广南西路
85%
应天府 京东西路
76%
青州 京东东路
76%
福州 福建路
76%
杭州 两浙路
72%
开封府 京畿路
65%
夔州 夔州路
65%
襄州 京西南路
63%
河南府 京西北路
63%
扬州 淮南东路
63%
寿州 淮南西路
63%
大名府 河北东路
61%
真定府 河北西路
61%
成都府 成都府路
61%
梓州 梓州路
61%
江陵府 荆湖北路
61%
潭州 荆湖南路
61%
太原府 河东路
59%
秦州 秦凤路
52%
兴元府 利州路
50%
京兆府 永兴军路
37%
No matching quizzes found
Score Distribution
Percent of People with Each Score
Percentile by Number Answered
Your Score History
You have not taken this quiz